Rizal (Record no. 182608)
[ view plain ]
| 000 -LEADER | |
|---|---|
| fixed length control field | 00305nam a22001217a 4500 |
| 008 - FIXED-LENGTH DATA ELEMENTS--GENERAL INFORMATION | |
| fixed length control field | 140702b xxu||||| |||| 00| 0 eng d |
| 020 ## - INTERNATIONAL STANDARD BOOK NUMBER | |
| International Standard Book Number | 971-642-070-6 |
| 050 ## - LIBRARY OF CONGRESS CALL NUMBER | |
| Classification number | DS |
| 100 ## - MAIN ENTRY--PERSONAL NAME | |
| Personal name | Zaide, Gregorio F. |
| 245 ## - TITLE STATEMENT | |
| Title | Rizal |
| Remainder of title | life and works. |
| 300 ## - PHYSICAL DESCRIPTION | |
| Extent | includes index and bibliography |
| 942 ## - ADDED ENTRY ELEMENTS (KOHA) | |
| Source of classification or shelving scheme | Library of Congress Classification |
| Item type | Books |
| Withdrawn status | Lost status | Source of classification or shelving scheme | Damaged status | Home library | Current library | Shelving location | Date acquired | Total Checkouts | Total Renewals | Full call number | Barcode | Date last seen | Date last borrowed | Price effective from | Koha item type | Public note |
|---|---|---|---|---|---|---|---|---|---|---|---|---|---|---|---|---|
| Library of Congress Classification | College Library | College Library | Filipiniana Section | 07/02/2014 | 20 | 90 | DS 675.8.R5 .Z21 2008 | c12200 | 12/04/2024 | 12/02/2024 | 07/02/2014 | Books | rmc |